Teoria i metody obliczeniowe optymalizacji
Salvato in:
| Autore principale: | |
|---|---|
| Altri autori: | , |
| Natura: | Libro |
| Lingua: | polacco |
| Pubblicazione: |
Warszawa
Wyd. Naukowe
1980
|
| Edizione: | 2. popraw. wyd. |
| Serie: | Biblioteka naukowa inzyniera
|
| Tags: |
Nessun Tag, puoi essere il primo ad aggiungerne!!
|
MARC
| LEADER | 00000nam a2200000 4500 | ||
|---|---|---|---|
| 001 | c131275 | ||
| 005 | 20041019155251.9 | ||
| 041 | 0 | |a pol | |
| 044 | |a PL | ||
| 245 | 1 | 0 | |a Teoria i metody obliczeniowe optymalizacji |c Wladyslaw Findeisen, A. Wierzbicki, Szymanowski Jacek |
| 250 | |a 2. popraw. wyd. | ||
| 264 | 1 | |a Warszawa |b Wyd. Naukowe |c 1980 | |
| 300 | |a 708 s. | ||
| 490 | 1 | |a Biblioteka naukowa inzyniera | |
| 830 | 0 | |a Biblioteka naukowa inzyniera | |
| 100 | 1 | |a Findeisen, Wladyslaw | |
| 700 | 1 | |a Wierzbicki, A. | |
| 700 | 1 | |a Szymanowski, Jacek | |